[Event "London Classic U1600 op 10th"]
[Site "London"]
[Date "2018.12.14"]
[Round "1"]
[White "Bainbridge, Sebastian"]
[Black "Barua, Dipli"]
[Result "0-1"]
[WhiteElo "1300"]
[BlackElo "1547"]
[PlyCount "46"]
[EventDate "2018.12.14"]
[EventType "swiss"]
[EventRounds "5"]
[EventCountry "ENG"]
[SourceTitle "CBM 187 Extra"]
[Source "ChessBase"]
[SourceDate "2018.11.04"]
[SourceVersion "1"]
[SourceVersionDate "2018.11.04"]
[SourceQuality "1"]

1. e4 c5 2. Nc3 Nc6 3. Nf3 d6 4. Be2 a6 5. 0-0 Nf6 6. d3 g6 7. Nd5 Bg7 8. Nxf6+ Bxf6 9. d4 Nxd4 10. Nxd4 Bxd4 11. c3 Bg7 12. Bc4 0-0 13. Bf4 b5 14. Bd5 Ra7 15. Qe2 c4 16. Be3 Rc7 17. Bb6 e6 18. Bxc7 Qxc7 19. Bxe6 Bxe6 20. Rae1 Qd8 21. Qf3 Qd7 22. h3 Qb7 23. Ra1 Rc8 0-1